El lenguaje jurídico / (Record no. 68293)

MARC details
000 -LEADER
campo de control de longitud fija 00861nam a2200265 i 4500
001 - NÚMERO DE CONTROL
campo de control 68293
003 - IDENTIFICADOR DE NÚMERO DE CONTROL
campo de control ES-MaACL
005 - FECHA Y HORA DE LA ÚLTIMA TRANSACCIÓN
campo de control 20250728100151.0
007 - CAMPO FIJO DE DESCRIPCIÓN FÍSICA--INFORMACIÓN GENERAL
campo de control de longitud fija t|
008 - DATOS DE LONGITUD FIJA--INFORMACIÓN GENERAL
campo de control de longitud fija 040616s2003 sp ||||0| spa d
020 ## - NÚMERO INTERNACIONAL ESTÁNDAR DEL LIBRO
Número Internacional Estándar del Libro 84-7962-267-9
040 ## - FUENTE DE CATALOGACIÓN
Centro catalogador/agencia de origen M-BN
Lengua de catalogación spa
Centro/agencia transcriptor M-BN
080 ## - NÚMERO DE LA CLASIFICACIÓN DECIMAL UNIVERSAL
Número de la Clasificación Decimal Universal 811.134.2'276.6:34
100 1# - ENTRADA PRINCIPAL--NOMBRE DE PERSONA
Nombre de persona Hernando Cuadrado, Luis Alberto.
9 (RLIN) 63101
245 13 - MENCIÓN DEL TÍTULO
Título El lenguaje jurídico /
Mención de responsabilidad, etc. Luis Arberto Hernando Cuadrado.
260 ## - PUBLICACIÓN, DISTRIBUCIÓN, ETC.
Lugar de publicación, distribución, etc. Madrid :
Nombre del editor, distribuidor, etc. Verbum,
Fecha de publicación, distribución, etc. [2003]
300 ## - DESCRIPCIÓN FÍSICA
Extensión 143 p. ;
Dimensiones 24 cm.
490 1# - MENCIÓN DE SERIE
Mención de serie Colección Cervantes. Serie Español práctico
504 ## - NOTA DE BIBLIOGRAFÍA, ETC.
Nota de bibliografía, etc. Bibliografía: p. 135-137. Indice.
650 14 - PUNTO DE ACCESO ADICIONAL DE MATERIA--TÉRMINO DE MATERIA
Término de materia o nombre geográfico como elemento de entrada Derecho-
Subdivisión general Lenguaje.
9 (RLIN) 11628
650 17 - PUNTO DE ACCESO ADICIONAL DE MATERIA--TÉRMINO DE MATERIA
Término de materia o nombre geográfico como elemento de entrada Lengua española técnica
Fuente del encabezamiento o término embne
9 (RLIN) 14199
830 0# - PUNTO DE ACCESO ADICIONAL DE SERIE-TÍTULO UNIFORME
Título uniforme Colección Cervantes. Serie Español práctico
9 (RLIN) 183240
852 ## - LOCALIZACIÓN
Ubicación ES-MaACL
Número de control de estantería L-28013
Sublocalización o colección R.133806
Holdings
Estatus retirado Estado de pérdida Estado de daño No para préstamo Biblioteca de origen Biblioteca actual Ubicación en estantería Fecha de adquisición Fuente de adquisición Total de préstamos Signatura topográfica completa Código de barras Visto por última vez Precio de reemplazo Tipo de ítem Koha
        Biblioteca del Ateneo de Madrid Biblioteca del Ateneo de Madrid Depósito 2 17/01/2008     L-28013 1071492 23/02/2023 23/02/2023 Libro impreso